000
00303nam a2200145Ia 4500
100
_a
Sierra/kathy/ Bates/B
942
_c
BK
366
_f
20
245
_a
Head First EJB
260
_b
Shroff Publishers
_c
2003
082
_a
5.133
_b
SIE
300
_a
700
546
_a
ENGLISH
_c
Computers
999
_c
23896
_d
23896